Islands by Satellite Image #30 - Statistics

General Stats
  • This quiz has been taken 32 times
  • The average score is 3 of 16
Answer Stats
Picture Answer % Correct
North Andaman Island
43%
Carney Island
29%
Iturup
29%
Karpathos
29%
Mo'orea
29%
Salas y Gómez
29%
Schermonnikoog
29%
Terceira
29%
Cornwallis Island
14%
Isla de los Estados
14%
Porto Santo
14%
Tiburón Island
14%
Falster
0%
Manus
0%
San Salvador
0%
Taipa-Cotai-Coloane
0%
No matching quizzes found
Score Distribution
Percent of People with Each Score
Percentile by Number Answered
Your Score History
You have not taken this quiz